| 000 | 00376nam a2200145Ia 4500 | ||
|---|---|---|---|
| 005 | 20250703013159.0 | ||
| 008 | 240331s9999 xx 000 0 und d | ||
| 082 |
_bGOD _a754 |
||
| 100 | _aGodakumbura,C.E | ||
| 245 | 0 | _aSinhala natya ha sangeethaya | |
| 260 |
_aColombo _bArchaeological Department _c1983 |
||
| 300 | _a49 p ., | ||
| 500 | _aSinhalese Dance & Music | ||
| 942 | _cL | ||
| 999 |
_c5260 _d5260 |
||